1735 1487 1961 1768 1015 1818 1306 1868 1146 1741 1477 1852 1741 1209 1956 1684 1019 1915 1877 1849 1311 1469 1833 1895 1915 1581 1237 1920 1708 1252 1153 1354 1107 1152 1952 1877 1667 1880 1683 1478 1410 1991 1491 1625 1039 1862 1814 1364 1483 1906 1517 1697 1129 1683 1350 1410 1219 1408 1311 1909 1910 1542 1985 1646 1423 1903 1334 1124 1174 1275 1968 1285 1086 1898 1726 1748 1575 1359 1196 1027 1556 1559 1528 1353 1491 1228 1313 1646 1206 1797 1349 1567 1834 1484 1932 1649 1441 1378 1892 BCNSPRNW ULIB Ver.6.0+V

เปลี่ยนเป็นภาษาไทย

Change to English
 แสดงรายละเอียดบรรณานุกรม
  กลับหน้าหลัก

Brief Record : Get Marc (ISO 2709) : E-mail record : QR code < ปิดหน้าต่าง
LEADER : 00000nam 2200000uu 4500
001    13399124660
003     ULIB
008    020711s2558 th a 000 0 tha d
020    9786167859361
060    W82^bM489
110    สำนักงานหลักประกันสุขภาพแห่งชาติ
245    Medi Thai นวัตกรรมการแพทย์ไทย =^bMedical innovation of Thailand /^cสำนักงานหลักประกันสุขภาพแห่งชาติ
250    พิมพ์ครั้งที่ 1
260    กรุงเทพฯ :^bสำนักงานหลักประกันสุขภาพแห่งชาติ,^c2558
300    143 หน้า;^b26 ซม.
650    นวัตกรรมการแพทย์ไทย
945    ^p0^l0^i000203
รายการนี้ยังไม่มีแท็ก
คุณยังไม่ได้ล็อกอิน คุณสามารถมีกิจกรรมร่วมกับเว็บไซต์ได้ แต่ต้องล็อกอินก่อน ::
  ล็อกอิน

รายการสื่อสารสนเทศ

ลำดับที่ ประเภท เลขเรียก/บาร์โค้ด สถานที่ สถานะ
1. วิทยาศาสตร์การแพทย์ และสุขภาพ
วิทยาศาสตร์การแพทย์ และสุขภาพ
สถานะ=หนังสือเก่า
W82 M489 ฉ.1 
  Barcode: 000203
ห้องสมุดวิทยาเขตสวรรค์ประชารักษ์
►ส่วนจัดเก็บหนังสือเก่า สปร
บนชั้น
  ขอยืม

BibComment


ยังไม่เคยถูกคอมเมนท์

คอมเมนท์ทรัพยากรรายการนี้
  คอมเมนท์: Medi Thai นวัตกรร..


 Copyright 2026. Bcnsprnw @Library